000 00489nam a2200193Ia 4500
005 20210412131751.0
008 131103s9999 xx 000 0 und d
040 _aLoreto College
041 _aEnglish
082 _a954.04
_bNAY
100 _aNayar, Kuldip
245 _aBetween the lines
_cKuldip Nayar
260 _aDelhi
_bHind Pocket Book
_c[19 - ?]
300 _axiv,279 p.
440 _aOrient Paperbacks
650 _aModern Indian History
850 _aLCLIB
942 _cBK
999 _c10021
_d60500